Cui contingit nasci, restat mori

Titel: Cui contingit nasci, restat mori : wybór testamentów staropolskich z województwa sandomierskiego / oprac. Mariusz Lubczyński ...
Beteiligt:
Veröffentlicht: Warszawa : Wydawn. Naukowe Semper, 2005
Umfang: 259, 5 S. : Ill.
Format: Buch
Sprache: Polnisch
RVK-Notation:
ISBN: 838910072X
Buchumschlag
X
Lokale Klassifikation: 37 5 E ; 37 8 S 26 ; 37 13 K
alg: 13361627
001A    $03004:21-10-05 
001B    $01999:18-10-24 $t19:16:13.000 
001C    $06002:07-03-06 $t10:49:14.000 
001D    $03004:05-12-05 
001U    $0utf8 
001X    $00 
002@    $0Aau 
003@    $0133616274 
003O    $062109102 $aOCoLC 
004A    $083-89100-72-X 
007A    $0133616274 $aHEB 
007G    $0DE020DE245C9311A46020C125816B004F3304 
007T    $0Herdk90515 
009P    $qapplication/pdf $A2 $3Inhaltsverzeichnis $uhttp://scans.hebis.de/HEBCGI/show.pl?13361627_toc.pdf $mV:DE-603;B:DE-Mb50 
010@    $apol 
011@    $a2005 
021A    $aCui contingit nasci, restat mori $dwybór testamentów staropolskich z województwa sandomierskiego $hoprac. Mariusz Lubczyński ... 
028C    $BBearb. $D20231015 $Ecgwrk $71132536707 $8Lubczyński, Mariusz$Z1973- [Tp3] $9403268788 
033A    $pWarszawa $nWydawn. Naukowe Semper 
034D    $a259, 5 S. 
034M    $aIll. 
045F    $a900.943860903 $eDDC23BSB 
045F/01 $a900 
045F/03 $f0903 
045F/03 $f09041 
045F/03 $g4386 
045F/03 $g438 
045G    $a306.094386 $eDDC23BSB 
045G/01 $a306.09 
045G/03 $g4386 
045Z    $8NN 1237 [Tkv] $9410894869 
046M    $aLiteraturverz. S. 14 - 17 

lok: 13361627 24
101B    $007-12-05 $t09:48:00.000 
101C    $007-12-05 
145Z/01 $a37 5 E 
145Z/03 $a37 8 S 26 
145Z/04 $a37 13 K 
101U    $0utf8 

exp: 13361627 24 1 #EPN
201B/01 $007-12-05 $t09:48:00.000 
201C/01 $021-10-05 
203@/01 $0309171237 
208@/01 $a07-12-05 $bz 
209A/01 $a05.5039 $du $f050 $h05 5039 $x00 
209C/01 $a05.5039 K $h05 5039 K 
209G/01 $a71250989 $x00 
220C/01 $agro 
247C/01 $8358050-7 Marburg, Bibliothek des Herder-Instituts Marburg $9102600961 
201U/01 $0utf8 

lok: 13361627 78

exp: 13361627 78 1 #EPN
201B/01 $030-05-18 $t22:45:47.000 
201U/01 $0utf8 
203@/01 $0792332741 
208@/01 $a12-11-16 $be 
209A/01 $a/ $f000 $x00 
220C/01 $aTitelaufnehmer: pbb 
220C/01 $aHerkunft: PBB/IH PAN 
237A/01 $aweiterführende Signatur(en): Herder-Institut: 05.5039 
244Z/01 $2Trx $#Poola $#Lenkija $#Polija $#Polen Land $#Poland $#Lengyelország $#Poľsko $#Polsko $8--Trx--Polska$gkraj $x01 $9391345966 
244Z/01 $#Sandomir $74378952-3 $8--Tg1--Sandomierz $x02 $9088388069 
245Z/01 $a13.02 $x01 
245Z/01 $a03.03.01 $x02 
247C/01 $82080>Marburg/Lahn, Herder-Institut, Forschungsbibliothek, Bibliographieportal $9336309341
LEADER 00000cam a2200000 c 4500
001 133616274
003 DE-603
005 20241018191613.0
007 tu
008 051021s2005 xx |||| | u00||u|pol c
020 |a 838910072X 
035 |a (DE-599)HEB133616274 
035 |a (OCoLC)62109102 
040 |a DE-603  |b ger  |c DE-603  |d DE-603 
041 |a pol 
082 0 4 |8 1\u  |a 900.943860903  |q DE-101  |2 23/BSB 
083 0 |8 2\u  |a 306.094386  |q DE-101  |2 23/BSB 
084 |a NN 1237  |0 (DE-625)126517:  |0 (DE-603)410894869  |2 rvk 
085 |8 1\u  |b 900 
085 |8 1\u  |z 1  |s 0903 
085 |8 1\u  |z 1  |s 09041 
085 |8 1\u  |z 2  |s 4386 
085 |8 1\u  |z 2  |s 438 
085 |8 2\u  |b 306.09 
085 |8 2\u  |z 2  |s 4386 
245 0 0 |a Cui contingit nasci, restat mori  |b wybór testamentów staropolskich z województwa sandomierskiego  |c oprac. Mariusz Lubczyński ... 
264 1 |a Warszawa  |b Wydawn. Naukowe Semper  |c 2005 
300 |a 259, 5 S.  |b Ill. 
504 |a Literaturverz. S. 14 - 17 
700 1 |a Lubczyński, Mariusz  |d 1973-  |e Bearb.  |4 edt  |0 (DE-603)403268788  |0 (DE-588)1132536707  |2 gnd 
856 4 2 |m V:DE-603;B:DE-Mb50  |q application/pdf  |u http://scans.hebis.de/HEBCGI/show.pl?13361627_toc.pdf  |3 Inhaltsverzeichnis 
924 0 |9 Mb 50  |a (DE-603)309171237  |b DE-Mb50  |c HES  |d c  |g 05.5039 
924 0 |9 2080  |a (DE-603)792332741  |b DE-2080  |c HES  |d d  |g /